[Event "39. Torneo de Ajedrez Villa de Mislata"]
[Site "Mislata ESP"]
[Date "2005.08.24"]
[Round "7.4"]
[White "Vassallo Barroche, Mauricio"]
[Black "Garcia Roman, Daniel"]
[Result "1/2-1/2"]
[WhiteElo "2410"]
[BlackElo "2390"]
[PlyCount "66"]
[EventDate "2005.08.18"]
[EventType "swiss"]
[EventRounds "9"]
[EventCountry "ESP"]
[Source "lmi"]
[SourceDate "2005.08.27"]

1. Nf3 Nf6 2. g3 c5 3. Bg2 g6 4. O-O Bg7 5. c3 O-O 6. d4 cxd4 7. cxd4 d5 8. Ne5
e6 9. Nc3 Nfd7 10. f4 Nc6 11. Be3 Ndxe5 12. fxe5 f6 13. exf6 Bxf6 14. Qd2 Bd7
15. Kh1 Bg7 16. Bg1 Qa5 17. Rxf8+ Rxf8 18. Rd1 Kh8 19. a3 Ne7 20. e4 dxe4 21.
Nxe4 Qxd2 22. Rxd2 b6 23. Ng5 h6 24. Nh3 g5 25. Nf2 Bc6 26. Re2 Bxg2+ 27. Kxg2
Nf5 28. Ng4 Bxd4 29. Nxh6 Bxg1 30. Nxf5 exf5 31. Kxg1 Rf7 32. Kf2 Kg7 33. Kf3
Kf6 1/2-1/2

[Event "39. Torneo de Ajedrez Villa de Mislata"]
[Site "Mislata ESP"]
[Date "2005.08.24"]
[Round "7.5"]
[White "Komljenovic, Davor"]
[Black "Vallejo Diaz, Javier"]
[Result "1-0"]
[WhiteElo "2473"]
[BlackElo "2255"]
[PlyCount "126"]
[EventDate "2005.08.18"]
[EventType "swiss"]
[EventRounds "9"]
[EventCountry "ESP"]
[Source "lmi"]
[SourceDate "2005.08.27"]

1. d4 Nf6 2. c4 g6 3. Nc3 Bg7 4. e4 d6 5. h3 O-O 6. Bg5 Qe8 7. Nf3 e5 8. d5 a5
9. Bd3 Nh5 10. Be3 Na6 11. O-O f5 12. Re1 f4 13. Bd2 h6 14. Be2 Nf6 15. Nh4 Kh7
16. Kh2 Qe7 17. g3 Nc5 18. Qc2 Ng8 19. Rg1 Bf6 20. Ng2 Bg5 21. Ne1 h5 22. g4
hxg4 23. Bxg4 Bxg4 24. Rxg4 Nh6 25. Rg2 Bh4 26. Nf3 g5 27. Rag1 Rg8 28. Be1 Nd7
29. Nxh4 gxh4 30. Rxg8 Rxg8 31. Rxg8 Nxg8 32. f3 Nf8 33. Qg2 Nh6 34. Qf2 Ng6
35. Qa7 Nf7 36. Ne2 b6 37. Qb7 Ng5 38. Ng1 Kh6 39. Qc8 Nh7 40. Ne2 Nf6 41. Nc3
Ne8 42. Nb5 Kg7 43. Kg2 Kf8 44. Kf1 Qg7 45. Qg4 Qf6 46. Ke2 Kf7 47. Kd3 Ke7 48.
Kc2 Kf7 49. Kb3 Qe7 50. Ka4 Nf6 51. Qc8 Ne8 52. Na7 Kf8 53. Qg4 Kg7 54. Nc6 Qf6
55. Kb5 Kf7 56. Ka6 Kg7 57. Kb7 Kh6 58. a4 Qg5 59. Qxg5+ Kxg5 60. Nd8 Kh5 61.
Kc8 Nf6 62. Kxc7 Nxe4 63. fxe4 f3 1-0

[Event "39. Torneo de Ajedrez Villa de Mislata"]
[Site "Mislata ESP"]
[Date "2005.08.24"]
[Round "7.6"]
[White "Defez Gomez, Juan Francisco"]
[Black "Alonso Moyano, Jonathan"]
[Result "0-1"]
[WhiteElo "2196"]
[BlackElo "2406"]
[PlyCount "102"]
[EventDate "2005.08.18"]
[EventType "swiss"]
[EventRounds "9"]
[EventCountry "ESP"]
[Source "lmi"]
[SourceDate "2005.08.27"]

1. e4 c5 2. Nc3 Nc6 3. g3 g6 4. Bg2 Bg7 5. d3 e5 6. Be3 d6 7. f4 exf4 8. Bxf4
Nge7 9. Qd2 O-O 10. Nf3 a6 11. O-O b5 12. Bh6 b4 13. Bxg7 Kxg7 14. Nd1 a5 15.
Ne3 f6 16. Rf2 Be6 17. h4 h5 18. c3 d5 19. exd5 Nxd5 20. d4 bxc3 21. bxc3 Qb6
22. Nxd5 Bxd5 23. dxc5 Qxc5 24. Nd4 Nxd4 25. Qxd4 Qxd4 26. cxd4 Rad8 27. Bxd5
Rxd5 28. Rd1 Rc8 29. Rd3 Rcd8 30. Rfd2 g5 31. hxg5 fxg5 32. Kf2 Kg6 33. Kf3 Kf5
34. Rc3 g4+ 35. Ke3 Re8+ 36. Kd3 h4 37. Rf2+ Kg5 38. gxh4+ Kxh4 39. Kc4 Rc8+
40. Kd3 Rxc3+ 41. Kxc3 g3 42. Rd2 Rg5 43. Rd1 g2 44. Rg1 Kh3 45. Kc4 Kh2 46.
Rd1 g1=Q 47. Rxg1 Kxg1 48. a4 Kf2 49. d5 Ke3 50. d6 Ke4 51. d7 Rd5 0-1

[Event "39. Torneo de Ajedrez Villa de Mislata"]
[Site "Mislata ESP"]
[Date "2005.08.24"]
[Round "7.8"]
[White "Sanchez Raboso, Vicente"]
[Black "Garcia Martinez, Silvino"]
[Result "1/2-1/2"]
[WhiteElo "2101"]
[BlackElo "2337"]
[PlyCount "38"]
[EventDate "2005.08.18"]
[EventType "swiss"]
[EventRounds "9"]
[EventCountry "ESP"]
[Source "lmi"]
[SourceDate "2005.08.27"]

1. e4 c5 2. Nc3 d6 3. f4 a6 4. Nf3 e6 5. Be2 b5 6. a3 Bb7 7. d3 Nc6 8. O-O Be7
9. Be3 Nf6 10. Kh1 d5 11. exd5 Nxd5 12. Nxd5 Qxd5 13. c4 bxc4 14. dxc4 Qe4 15.
Qd3 Qxd3 16. Bxd3 O-O 17. Rfd1 f5 18. Be2 Rfd8 19. Kg1 a5 1/2-1/2

[Event "39. Torneo de Ajedrez Villa de Mislata"]
[Site "Mislata ESP"]
[Date "2005.08.24"]
[Round "7.9"]
[White "Gomez Jurado, Luis Alberto"]
[Black "Morejon Rodriguez, Eduardo"]
[Result "1-0"]
[WhiteElo "2292"]
[BlackElo "2103"]
[PlyCount "90"]
[EventDate "2005.08.18"]
[EventType "swiss"]
[EventRounds "9"]
[EventCountry "ESP"]
[Source "lmi"]
[SourceDate "2005.08.27"]

1. d4 Nf6 2. Nf3 e6 3. c4 Bb4+ 4. Bd2 c5 5. Bxb4 cxb4 6. g3 O-O 7. Bg2 d6 8.
O-O Re8 9. Qb3 a5 10. a3 Na6 11. axb4 Nxb4 12. Nc3 Qc7 13. e4 e5 14. Nb5 Qb6
15. Nxd6 Qxd6 16. dxe5 Qd3 17. Qxd3 Nxd3 18. exf6 Nxb2 19. Rfc1 Nd3 20. Rc3 Nc5
21. e5 gxf6 22. exf6 Ne4 23. Re3 Nxf6 24. Ne5 a4 25. Bd5 Nd7 26. f4 Nxe5 27.
fxe5 Ra7 28. Rb1 Bf5 29. Rxb7 Rxb7 30. Bxb7 Rb8 31. Bd5 Rb3 32. Re2 Rb1+ 33.
Kf2 a3 34. c5 Rb2 35. c6 Kf8 36. c7 Rxe2+ 37. Kxe2 Bc8 38. Kd3 Ke7 39. Kc3 Kd7
40. Bxf7 Kxc7 41. Kb3 Kd8 42. Kxa3 Ke7 43. Bd5 Be6 44. Be4 h6 45. Kb4 Bh3 1-0

[Event "39. Torneo de Ajedrez Villa de Mislata"]
[Site "Mislata ESP"]
[Date "2005.08.24"]
[Round "7.10"]
[White "Carrascoso Morales, Abel"]
[Black "Pallardo Lozoya, Jose Vicente"]
[Result "0-1"]
[WhiteElo "2165"]
[BlackElo "2278"]
[PlyCount "84"]
[EventDate "2005.08.18"]
[EventType "swiss"]
[EventRounds "9"]
[EventCountry "ESP"]
[Source "lmi"]
[SourceDate "2005.08.27"]

1. e4 e6 2. Nf3 d5 3. e5 f6 4. d4 c5 5. c3 Nc6 6. Bd3 Qc7 7. O-O Bd7 8. Re1
O-O-O 9. Bf4 h6 10. h4 g5 11. Bg3 f5 12. hxg5 hxg5 13. Nxg5 Nh6 14. Bb5 Be7 15.
Nh3 a6 16. Bxc6 Bxc6 17. Nf4 Qd7 18. Nd2 Rdg8 19. Nf1 Rh7 20. f3 Bb5 21. Bh2
Bh4 22. a4 Bxf1 23. Rxf1 Nf7 24. Nh3 Ng5 25. Nxg5 Bxg5 26. f4 Bh4 27. Rf3 Qg7
28. Qe2 Qg4 29. Re3 Qg6 30. Rf1 Rgh8 31. Rh3 cxd4 32. cxd4 Kb8 33. Qf3 Qe8 34.
b3 Qg6 35. Bg3 Be7 36. Rxh7 Qxh7 37. Kf2 Rc8 38. Qd3 Bb4 39. Qd1 Rc3 40. Rh1
Qc7 41. Rh3 Rc2+ 42. Kg1 Rc1 0-1

[Event "39. Torneo de Ajedrez Villa de Mislata"]
[Site "Mislata ESP"]
[Date "2005.08.24"]
[Round "7.11"]
[White "Gonzalez Aguirre, Luis"]
[Black "Garcia Trobat, Francisco"]
[Result "0-1"]
[WhiteElo "2124"]
[BlackElo "2313"]
[PlyCount "108"]
[EventDate "2005.08.18"]
[EventType "swiss"]
[EventRounds "9"]
[EventCountry "ESP"]
[Source "lmi"]
[SourceDate "2005.08.27"]

1. c4 e5 2. g3 Nf6 3. Bg2 d5 4. cxd5 Nxd5 5. Nc3 Nb6 6. Nf3 Nc6 7. O-O Be7 8.
d3 O-O 9. Be3 Be6 10. Rc1 Nd5 11. Nxd5 Bxd5 12. a3 Re8 13. Nd2 Bxg2 14. Kxg2
Nd4 15. Bxd4 exd4 16. Nf3 c5 17. Qb3 Qb6 18. Qxb6 axb6 19. Rc2 Bd6 20. Re1 b5
21. Nd2 f5 22. Kf3 b6 23. Rb1 g5 24. Re1 g4+ 25. Kg2 Re6 26. Nf1 Rc8 27. Rec1
h5 28. e3 dxe3 29. Re2 f4 30. gxf4 Bxf4 31. fxe3 Rce8 32. Rce1 Kg7 33. Ng3 Bxg3
34. hxg3 Rd8 35. Rd1 Kg6 36. e4 Rd4 37. Red2 b4 38. axb4 Rxb4 39. Rf1 Rd4 40.
Rf8 Rexe4 41. Rdf2 Re6 42. Rg8+ Kh7 43. Rff8 Rd7 44. Rh8+ Kg6 45. Rfg8+ Rg7 46.
Rxg7+ Kxg7 47. Rxh5 Kg6 48. Rh8 Re2+ 49. Kf1 Rxb2 50. Rg8+ Kf5 51. Rf8+ Ke5 52.
Re8+ Kd4 53. Re4+ Kxd3 54. Rxg4 c4 0-1

[Event "39. Torneo de Ajedrez Villa de Mislata"]
[Site "Mislata ESP"]
[Date "2005.08.24"]
[Round "7.12"]
[White "Cruz Ravina, Francisco Javier"]
[Black "Checa Martínez, Emilio"]
[Result "0-1"]
[WhiteElo "2303"]
[BlackElo "2138"]
[PlyCount "70"]
[EventDate "2005.08.18"]
[EventType "swiss"]
[EventRounds "9"]
[EventCountry "ESP"]
[Source "lmi"]
[SourceDate "2005.08.27"]

1. Nf3 Nf6 2. c4 e6 3. Nc3 d6 4. d4 Be7 5. g3 c6 6. Bg2 Qc7 7. O-O Nbd7 8. e4
e5 9. d5 a6 10. Ne1 h5 11. h4 Nf8 12. Nd3 Ng6 13. Qe2 Bg4 14. f3 Bd7 15. dxc6
bxc6 16. Be3 Rb8 17. Rac1 Be6 18. Nd5 Qb7 19. Nxe7 Kxe7 20. c5 d5 21. exd5 Nxd5
22. b3 Qb5 23. Rfe1 Kd7 24. Bd2 f6 25. f4 Bg4 26. Qe4 Nge7 27. Bf1 Bf5 28.
Nxe5+ fxe5 29. Qxe5 Qb7 30. Ba5 Rh6 31. Qxg7 Rg6 32. Qe5 Rxg3+ 33. Kf2 Rbg8 34.
Qd6+ Ke8 35. Qf6 Nxf6 0-1

[Event "39. Torneo de Ajedrez Villa de Mislata"]
[Site "Mislata ESP"]
[Date "2005.08.24"]
[Round "7.13"]
[White "Olaru, Daniel"]
[Black "Torres Sanchez, Jose"]
[Result "0-1"]
[WhiteElo "2133"]
[BlackElo "2283"]
[PlyCount "96"]
[EventDate "2005.08.18"]
[EventType "swiss"]
[EventRounds "9"]
[EventCountry "ESP"]
[Source "lmi"]
[SourceDate "2005.08.27"]

1. d4 Nf6 2. Nf3 g6 3. g3 Bg7 4. Bg2 O-O 5. O-O d6 6. c4 Nc6 7. Nc3 a6 8. h3
Rb8 9. a4 Bd7 10. a5 Qc8 11. Kh2 e5 12. dxe5 dxe5 13. e3 Be6 14. Qe2 Rd8 15.
Rd1 Rxd1 16. Nxd1 Qf8 17. Ng5 Bf5 18. g4 Bd7 19. Bd2 Nb4 20. Nc3 h6 21. Nge4
Nxe4 22. Bxe4 Qd6 23. Na4 Bc6 24. c5 Qe6 25. Bxc6 Nxc6 26. Nc3 Qb3 27. Be1 Rd8
28. Ra3 Qe6 29. Ra4 Kh7 30. f3 Bf8 31. Ne4 Be7 32. Rc4 Qd5 33. Kg2 Qd1 34. Qxd1
Rxd1 35. Bc3 Bh4 36. f4 f5 37. Nf2 Bxf2 38. Kxf2 e4 39. gxf5 gxf5 40. b4 Rc1
41. Ke2 Kg6 42. Kd2 Rh1 43. Be5 Kf7 44. Bxc7 Rh2+ 45. Kd1 Rxh3 46. Rc3 Ke6 47.
Rb3 Nd4 48. b5 Rh1+ 0-1

[Event "39. Torneo de Ajedrez Villa de Mislata"]
[Site "Mislata ESP"]
[Date "2005.08.24"]
[Round "7.14"]
[White "Pavia Miralles, Jose Manuel"]
[Black "Gimeno Higueras, Roberto"]
[Result "0-1"]
[WhiteElo "2268"]
[BlackElo "2116"]
[PlyCount "66"]
[EventDate "2005.08.18"]
[EventType "swiss"]
[EventRounds "9"]
[EventCountry "ESP"]
[Source "lmi"]
[SourceDate "2005.08.27"]

1. e4 c6 2. c4 d5 3. exd5 cxd5 4. cxd5 Nf6 5. Nc3 Nxd5 6. Nf3 Nc6 7. Bc4 e6 8.
O-O Be7 9. d4 O-O 10. Re1 Bf6 11. Ne4 h6 12. Bb3 b6 13. Nxf6+ Nxf6 14. Bf4 Bb7
15. Qd2 Ne7 16. Ne5 Nf5 17. Rad1 Ne4 18. Qd3 Nf6 19. Nxf7 Rxf7 20. Bxe6 Ne7 21.
Be5 Bd5 22. Bxf7+ Kxf7 23. b3 Ng6 24. f4 Rc8 25. g4 Nxg4 26. Qf5+ Nf6 27. Bxf6
gxf6 28. h4 Rc3 29. h5 Rg3+ 30. Kh2 Rg2+ 31. Kh3 Ne7 32. Rxe7+ Kxe7 33. Re1+
Kd6 0-1

[Event "39. Torneo de Ajedrez Villa de Mislata"]
[Site "Mislata ESP"]
[Date "2005.08.24"]
[Round "7.15"]
[White "Megias Chafer, Alejandro"]
[Black "Asensio Liñan, Teodoro"]
[Result "1-0"]
[WhiteElo "2111"]
[BlackElo "2228"]
[PlyCount "89"]
[EventDate "2005.08.18"]
[EventType "swiss"]
[EventRounds "9"]
[EventCountry "ESP"]
[Source "lmi"]
[SourceDate "2005.08.27"]

1. e4 c5 2. Nf3 Nc6 3. d4 cxd4 4. Nxd4 g6 5. c4 Bg7 6. Be3 Nf6 7. Nc3 O-O 8.
Be2 d6 9. O-O Bd7 10. Rc1 Nxd4 11. Bxd4 Bc6 12. Qd3 a5 13. f4 Nd7 14. Bxg7 Kxg7
15. Qd4+ f6 16. Rfd1 Rf7 17. Bg4 e5 18. Qxd6 Qb6+ 19. Kh1 exf4 20. Be6 Ne5 21.
Bxf7 Ng4 22. Qd4 Qxb2 23. Bd5 Rd8 24. Rb1 Qa3 25. Rf1 Qd6 26. Rbe1 h5 27. Qb6
Re8 28. Nb5 Qb4 29. Qc7+ Re7 30. Qd6 Bxb5 31. Qxb4 axb4 32. cxb5 Ne3 33. Rg1 f5
34. exf5 Nxd5 35. Rxe7+ Nxe7 36. fxg6 Kxg6 37. Rd1 Kf6 38. Rd7 Ke6 39. Rxb7 Nd5
40. Kg1 Nc3 41. Ra7 Nxb5 42. Rb7 Nc3 43. Rxb4 Kd5 44. Kf2 Nxa2 45. Rxf4 1-0

[Event "39. Torneo de Ajedrez Villa de Mislata"]
[Site "Mislata ESP"]
[Date "2005.08.25"]
[Round "8.1"]
[White "Abreu, Aryam"]
[Black "Gongora, Maikel"]
[Result "1/2-1/2"]
[WhiteElo "2442"]
[BlackElo "2466"]
[PlyCount "39"]
[EventDate "2005.08.18"]
[EventType "swiss"]
[EventRounds "9"]
[EventCountry "ESP"]
[Source "lmi"]
[SourceDate "2005.08.27"]

1. e4 c5 2. Nf3 e6 3. d4 cxd4 4. Nxd4 a6 5. Bd3 Bc5 6. Nb3 Ba7 7. Nc3 Nc6 8.
Qe2 d6 9. Be3 Nge7 10. O-O O-O 11. f4 b5 12. Rad1 Qc7 13. Kh1 Bxe3 14. Qxe3 Bb7
15. Ne2 Nb4 16. Qd2 Nxd3 17. cxd3 Rfc8 18. Rc1 Qb6 19. Qa5 Qe3 20. Qd2 1/2-1/2

[Event "39. Torneo de Ajedrez Villa de Mislata"]
[Site "Mislata ESP"]
[Date "2005.08.25"]
[Round "8.2"]
[White "Cabrera, Alexis"]
[Black "Gomez Jurado, Luis Alberto"]
[Result "1-0"]
[WhiteElo "2500"]
[BlackElo "2292"]
[PlyCount "73"]
[EventDate "2005.08.18"]
[EventType "swiss"]
[EventRounds "9"]
[EventCountry "ESP"]
[Source "lmi"]
[SourceDate "2005.08.27"]

1. e4 c5 2. Nf3 Nc6 3. Bb5 e6 4. O-O Nge7 5. c3 a6 6. Be2 d5 7. exd5 Nxd5 8. d4
Nf6 9. Ne5 Nxe5 10. dxe5 Qxd1 11. Rxd1 Nd7 12. f4 Be7 13. Nd2 O-O 14. Nc4 b5
15. Na5 c4 16. b4 cxb3 17. axb3 Ra7 18. Nc6 Bc5+ 19. Kf1 Rc7 20. Bf3 Re8 21. b4
Bf8 22. Bd2 Nb6 23. Na5 Na4 24. Be1 Nxc3 25. Bxc3 Rxc3 26. Bc6 Re7 27. Rd8 Rc7
28. Rad1 f6 29. Re8 Kf7 30. Rdd8 Bxb4 31. Rxc8 Bxa5 32. Rf8+ Kg6 33. Rxc7 Bxc7
34. Bd7 fxe5 35. fxe5 Bxe5 36. h4 Bg3 37. Ke2 1-0

[Event "39. Torneo de Ajedrez Villa de Mislata"]
[Site "Mislata ESP"]
[Date "2005.08.25"]
[Round "8.3"]
[White "Garcia Roman, Daniel"]
[Black "Komljenovic, Davor"]
[Result "0-1"]
[WhiteElo "2390"]
[BlackElo "2473"]
[PlyCount "98"]
[EventDate "2005.08.18"]
[EventType "swiss"]
[EventRounds "9"]
[EventCountry "ESP"]
[Source "lmi"]
[SourceDate "2005.08.27"]

1. d4 Nf6 2. c4 e6 3. Nc3 Bb4 4. e3 O-O 5. Nge2 d5 6. a3 Be7 7. cxd5 exd5 8.
Nf4 a5 9. Bd3 c6 10. O-O Re8 11. Bd2 Bd6 12. Qf3 Bg4 13. Qg3 Qc8 14. f3 Bf5 15.
Be2 Nbd7 16. Qf2 h6 17. g4 Bh7 18. Rac1 Qd8 19. Kg2 Nb6 20. h4 Nfd7 21. Rh1 f5
22. gxf5 Bxf5 23. Nh5 Bg6 24. f4 Nc4 25. Bxc4 dxc4 26. Ng3 Nf6 27. Qf3 Qb6 28.
f5 Qxb2 29. Qe2 Bf7 30. Rb1 Qxa3 31. Rxb7 Bxg3 32. Kxg3 Qd6+ 33. Kh3 Rab8 34.
Rhb1 Rxb7 35. Rxb7 c5 36. dxc5 Qxc5 37. Rb5 Qc7 38. Qh2 Qd8 39. Qg2 a4 40. Kh2
Ne4 41. Be1 Nd6 42. Rc5 Rxe3 43. Qf2 Qe8 44. Bd2 Re5 45. Bxh6 Nxf5 46. Bg5 a3
47. Rc7 Qb8 48. Nb5 Rxb5 49. Qf4 a2 0-1

[Event "39. Torneo de Ajedrez Villa de Mislata"]
[Site "Mislata ESP"]
[Date "2005.08.25"]
[Round "8.4"]
[White "Veingold, Aleksandr"]
[Black "Garcia Fernandez, Carlos"]
[Result "1/2-1/2"]
[WhiteElo "2465"]
[BlackElo "2349"]
[PlyCount "26"]
[EventDate "2005.08.18"]
[EventType "swiss"]
[EventRounds "9"]
[EventCountry "ESP"]
[Source "lmi"]
[SourceDate "2005.08.27"]

1. d4 Nf6 2. Nf3 c5 3. d5 b5 4. Bg5 d6 5. Bxf6 exf6 6. e4 a6 7. a4 b4 8. Bd3 g6
9. Nbd2 Bg7 10. Nc4 a5 11. Nfd2 O-O 12. O-O Bb7 13. Qf3 Nd7 1/2-1/2

[Event "39. Torneo de Ajedrez Villa de Mislata"]
[Site "Mislata ESP"]
[Date "2005.08.25"]
[Round "8.5"]
[White "Alonso Moyano, Jonathan"]
[Black "Kovacevic, Slobodan"]
[Result "1/2-1/2"]
[WhiteElo "2406"]
[BlackElo "2314"]
[PlyCount "91"]
[EventDate "2005.08.18"]
[EventType "swiss"]
[EventRounds "9"]
[EventCountry "ESP"]
[Source "lmi"]
[SourceDate "2005.08.27"]

1. e4 c5 2. Nf3 e6 3. d4 cxd4 4. Nxd4 a6 5. c4 Nf6 6. Bd3 d6 7. O-O Be7 8. Nc3
Qc7 9. Be3 Nbd7 10. Rc1 O-O 11. f3 b6 12. Rf2 Bb7 13. Bf1 Rac8 14. Rcc2 Qb8 15.
Rfd2 Rfe8 16. Bf2 Ne5 17. b3 Nfd7 18. f4 Nc6 19. Nf3 Nc5 20. Rc1 Ba8 21. Bh4
Bf8 22. a3 Ne7 23. Qc2 Bb7 24. b4 Nd7 25. Bf2 Nf6 26. e5 dxe5 27. Nxe5 Ng6 28.
Nxg6 hxg6 29. g3 Ba8 30. Bd4 Qb7 31. Bg2 Qc7 32. Be5 Qa7 33. Bxa8 Qxa8 34. Bxf6
gxf6 35. Ne4 Be7 36. Nd6 Bxd6 37. Rxd6 Qb8 38. Qd3 Red8 39. Rd1 Rxd6 40. Qxd6
Qb7 41. Qd4 f5 42. Qf6 Qc7 43. Rd4 a5 44. b5 Qc5 45. Kg2 Rf8 46. h4 1/2-1/2

[Event "39. Torneo de Ajedrez Villa de Mislata"]
[Site "Mislata ESP"]
[Date "2005.08.25"]
[Round "8.6"]
[White "Pallardo Lozoya, Jose Vicente"]
[Black "Ortega Hermida, Daniel"]
[Result "1-0"]
[WhiteElo "2278"]
[BlackElo "2395"]
[PlyCount "97"]
[EventDate "2005.08.18"]
[EventType "swiss"]
[EventRounds "9"]
[EventCountry "ESP"]
[Source "lmi"]
[SourceDate "2005.08.27"]

1. e4 c5 2. Nf3 e6 3. d3 Nc6 4. g3 d5 5. Nbd2 Bd6 6. Qe2 Nge7 7. Bg2 O-O 8. c3
b6 9. O-O Bc7 10. h4 Ba6 11. Rd1 h6 12. Nf1 Qd7 13. Qc2 d4 14. cxd4 cxd4 15. a3
Bb7 16. b4 Rac8 17. Ra2 a5 18. b5 Na7 19. a4 Bxg3 20. Qb2 Bb8 21. Qxd4 Qxd4 22.
Nxd4 Ng6 23. h5 Nf4 24. Ne2 Nxg2 25. Kxg2 Rcd8 26. Ne3 Rxd3 27. f3 Rxd1 28.
Nxd1 f5 29. Nf2 Be5 30. Rd2 Nc8 31. Ba3 Rf7 32. Rd8+ Kh7 33. Re8 fxe4 34. fxe4
Nd6 35. Bxd6 Bxd6 36. Rxe6 Bc7 37. Nd4 Kg8 38. Re8+ Kh7 39. Ne6 Bd6 40. Nd8 Rd7
41. Nxb7 Rxb7 42. Re6 Be7 43. Nd3 Bf6 44. Nf4 Kg8 45. Nd5 Bd4 46. Kf3 Kf7 47.
Rc6 Ke8 48. e5 Rd7 49. Ke4 1-0

[Event "39. Torneo de Ajedrez Villa de Mislata"]
[Site "Mislata ESP"]
[Date "2005.08.25"]
[Round "8.7"]
[White "Durao, Joaquim"]
[Black "Vassallo Barroche, Mauricio"]
[Result "1/2-1/2"]
[WhiteElo "2158"]
[BlackElo "2410"]
[PlyCount "81"]
[EventDate "2005.08.18"]
[EventType "swiss"]
[EventRounds "9"]
[EventCountry "ESP"]
[Source "lmi"]
[SourceDate "2005.08.27"]

1. e4 d5 2. exd5 Qxd5 3. Nc3 Qa5 4. d4 Nf6 5. Nf3 c6 6. Bd3 Bg4 7. h3 Bh5 8. g4
Bg6 9. Ne5 Nbd7 10. Nc4 Qc7 11. Qf3 Bxd3 12. cxd3 Nb6 13. Bf4 Qd7 14. Nxb6 axb6
15. g5 Ng8 16. d5 Ra5 17. O-O h6 18. g6 fxg6 19. a4 Nf6 20. b4 Ra8 21. dxc6
Qxc6 22. Ne4 Nxe4 23. dxe4 e5 24. Bxe5 Qe6 25. Bc3 Be7 26. Bxg7 Rh7 27. Bc3 Rf7
28. Qg4 Qxg4+ 29. hxg4 Rc8 30. Rac1 Rc4 31. f3 Bg5 32. Bd2 Rxc1 33. Bxc1 Bxc1
34. Rxc1 Rxf3 35. Rc7 Rb3 36. Kf2 Rxb4 37. Kf3 g5 38. Rxb7 Kf8 39. e5 Rf4+ 40.
Kg3 Rb4 41. Kf3 1/2-1/2

[Event "39. Torneo de Ajedrez Villa de Mislata"]
[Site "Mislata ESP"]
[Date "2005.08.25"]
[Round "8.8"]
[White "Garcia Martinez, Silvino"]
[Black "Megias Chafer, Alejandro"]
[Result "1-0"]
[WhiteElo "2337"]
[BlackElo "2111"]
[PlyCount "97"]
[EventDate "2005.08.18"]
[EventType "swiss"]
[EventRounds "9"]
[EventCountry "ESP"]
[Source "lmi"]
[SourceDate "2005.08.27"]

1. e4 c6 2. d4 d5 3. Nc3 dxe4 4. Nxe4 Nd7 5. Nf3 Ngf6 6. Ng3 e6 7. Bd3 Be7 8.
O-O O-O 9. Qe2 b6 10. c4 Bb7 11. b3 c5 12. dxc5 Nxc5 13. Bc2 Qc7 14. Bb2 Rad8
15. Ne5 Ncd7 16. f4 Rfe8 17. Rad1 Nf8 18. Ne4 Nxe4 19. Bxe4 Bc5+ 20. Kh1 Bxe4
21. Qxe4 Rxd1 22. Rxd1 Rd8 23. Rd3 f6 24. Rxd8 Qxd8 25. Nd3 Kf7 26. h3 Be7 27.
g4 Qd6 28. b4 Qc7 29. a3 Qc8 30. Kg2 Nd7 31. h4 Nb8 32. f5 exf5 33. gxf5 Qc6
34. Kf3 g6 35. b5 Qxe4+ 36. Kxe4 a6 37. a4 axb5 38. cxb5 Nd7 39. Bd4 Bd8 40.
Kd5 gxf5 41. Kc6 Ke7 42. h5 Ne5+ 43. Nxe5 fxe5 44. Bxe5 Ke6 45. Bf4 Kf6 46. Kd7
Be7 47. Be3 Bb4 48. Bxb6 f4 49. a5 1-0

[Event "39. Torneo de Ajedrez Villa de Mislata"]
[Site "Mislata ESP"]
[Date "2005.08.25"]
[Round "8.9"]
[White "Garcia Trobat, Francisco"]
[Black "Sanchez Raboso, Vicente"]
[Result "0-1"]
[WhiteElo "2313"]
[BlackElo "2101"]
[PlyCount "56"]
[EventDate "2005.08.18"]
[EventType "swiss"]
[EventRounds "9"]
[EventCountry "ESP"]
[Source "lmi"]
[SourceDate "2005.08.27"]

1. d4 Nf6 2. c4 g6 3. Nc3 Bg7 4. e4 d6 5. Nf3 O-O 6. Be2 e5 7. O-O Nc6 8. d5
Ne7 9. Ne1 Nd7 10. Be3 f5 11. f3 f4 12. Bf2 g5 13. Rc1 Ng6 14. c5 Nxc5 15. b4
Na6 16. Nb5 Rf7 17. Nxa7 Nxb4 18. Qa4 Na6 19. Bxa6 bxa6 20. Nxc8 Qxc8 21. Nd3
g4 22. Rc3 Bf6 23. Rfc1 gxf3 24. gxf3 Qh3 25. Ne1 Rg7 26. Qc4 Nh4+ 27. Kh1 Kh8
28. Qd3 Rg2 0-1

[Event "39. Torneo de Ajedrez Villa de Mislata"]
[Site "Mislata ESP"]
[Date "2005.08.25"]
[Round "8.10"]
[White "Checa Martínez, Emilio"]
[Black "Torres Sanchez, Jose"]
[Result "0-1"]
[WhiteElo "2138"]
[BlackElo "2283"]
[PlyCount "68"]
[EventDate "2005.08.18"]
[EventType "swiss"]
[EventRounds "9"]
[EventCountry "ESP"]
[Source "lmi"]
[SourceDate "2005.08.27"]

1. Nf3 Nf6 2. b3 d6 3. Bb2 e5 4. d3 a5 5. Nbd2 Nc6 6. g3 g6 7. Bg2 Bg7 8. O-O
O-O 9. a3 Nh5 10. e4 h6 11. Nc4 Be6 12. Ne3 Qc8 13. c4 Bh3 14. Nd5 Bxg2 15.
Kxg2 f5 16. h3 fxe4 17. dxe4 Kh7 18. Rc1 b6 19. Nh2 Rf7 20. Rc2 Qg8 21. b4 axb4
22. axb4 Nf6 23. Nxf6+ Rxf6 24. Qd2 h5 25. Bc3 Qxc4 26. Bxe5 Qxe4+ 27. f3 Qxe5
28. Rxc6 Rf7 29. Rfc1 h4 30. f4 Qe4+ 31. Nf3 Ra3 32. Qf2 Bd4 33. R6c4 c5 34.
Re1 Rxf3 0-1

[Event "39. Torneo de Ajedrez Villa de Mislata"]
[Site "Mislata ESP"]
[Date "2005.08.25"]
[Round "8.11"]
[White "Gimeno Higueras, Roberto"]
[Black "Sanchez Romero, Miguel Angel"]
[Result "1/2-1/2"]
[WhiteElo "2116"]
[BlackElo "2197"]
[PlyCount "24"]
[EventDate "2005.08.18"]
[EventType "swiss"]
[EventRounds "9"]
[EventCountry "ESP"]
[Source "lmi"]
[SourceDate "2005.08.27"]

1. e4 e5 2. Nf3 Nf6 3. Nxe5 d6 4. Nf3 Nxe4 5. d4 Be7 6. c4 d5 7. cxd5 Bb4+ 8.
Bd2 Bxd2+ 9. Nbxd2 Nxd2 10. Qxd2 O-O 11. Be2 Qxd5 12. O-O Nc6 1/2-1/2

[Event "39. Torneo de Ajedrez Villa de Mislata"]
[Site "Mislata ESP"]
[Date "2005.08.25"]
[Round "8.12"]
[White "Vallejo Diaz, Jesus"]
[Black "Cubedo Caño, Pablo"]
[Result "1-0"]
[WhiteElo "2255"]
[BlackElo "2117"]
[PlyCount "87"]
[EventDate "2005.08.18"]
[EventType "swiss"]
[EventRounds "9"]
[EventCountry "ESP"]
[Source "lmi"]
[SourceDate "2005.08.27"]

1. e4 c6 2. d4 d5 3. Nd2 dxe4 4. Nxe4 Nf6 5. Ng3 h5 6. h3 h4 7. N3e2 c5 8. Nf3
Nc6 9. c3 e6 10. Bg5 Qb6 11. Qb3 Qxb3 12. axb3 Ne4 13. Be3 f6 14. dxc5 Nxc5 15.
Ned4 Ne7 16. b4 Ne4 17. Bc4 Kf7 18. Nb5 Nf5 19. Rxa7 Rxa7 20. Bxa7 Be7 21. O-O
Bd7 22. Re1 Ned6 23. Nxd6+ Nxd6 24. Bb3 b5 25. Bc5 Nc4 26. Bxe7 Kxe7 27. Bxc4
bxc4 28. Ra1 Rd8 29. Ra7 Kf8 30. Rc7 g5 31. Rxc4 e5 32. Rc7 Bf5 33. b5 Be4 34.
c4 Rd1+ 35. Kh2 Ke8 36. b6 Rd7 37. Rc8+ Ke7 38. c5 Rb7 39. Nd2 Bd5 40. b4 Kd7
41. Rf8 Kc6 42. Rxf6+ Kb5 43. Rd6 Ba2 44. Nf3 1-0